The divine Qur-an. (Record no. 56736)

MARC details
000 -LEADER
fixed length control field 00772cam a22002411 4500
001 - CONTROL NUMBER
control field sa 64001417
003 - CONTROL NUMBER IDENTIFIER
control field DLC
005 - DATE AND TIME OF LATEST TRANSACTION
control field 20260227112002.0
008 - FIXED-LENGTH DATA ELEMENTS--GENERAL INFORMATION
fixed length control field 870807m19621968bg 000 0 eng
010 ## - LIBRARY OF CONGRESS CONTROL NUMBER
LC control number sa 64001417
025 ## - OVERSEAS ACQUISITION NUMBER
Overseas acquisition number PL480:EP-E-128
035 ## - SYSTEM CONTROL NUMBER
System control number (OCoLC)16400566
040 ## - CATALOGING SOURCE
Original cataloging agency DLC
Transcribing agency WaU
Modifying agency DLC
041 1# - LANGUAGE CODE
Language code of text/sound track or separate title engara
Language code of original ara
042 ## - AUTHENTICATION CODE
Authentication code premarc
050 00 - LIBRARY OF CONGRESS CALL NUMBER
Classification number BP100
Item number .A1 1962
130 0# - MAIN ENTRY--UNIFORM TITLE
Uniform title Qurʼan.
Language of a work English & Arabic.
245 14 - TITLE STATEMENT
Title The divine Qur-an.
Statement of responsibility, etc. It contains the Arabic text with a very lucid translatoin [sic] and short explanatory notes that make the sense clear. By al-Hajj S.M. Abdul Hamid.
250 ## - EDITION STATEMENT
Edition statement 1st ed.
260 ## - PUBLICATION, DISTRIBUTION, ETC.
Place of publication, distribution, etc. Dacca,
Name of publisher, distributor, etc. Distributors: Darul Islam,
Date of publication, distribution, etc. 1962-68.
300 ## - PHYSICAL DESCRIPTION
Extent 3 v.
Dimensions 18 cm.
700 1# - ADDED ENTRY--PERSONAL NAME
Personal name Hamid, S. M. Abdul,
Relator term ed., tr.

No items available.

Powered by Koha